000 00623nam a22002177a 4500
005 20180803170422.0
008 170908b ck ||||| |||| 00| 0 spa d
040 _aCO-BoIAVH
_cCO-BoIAVH
041 _aspa
044 _ack
082 _a657
_bA78c
110 _aArtesanías de Colombia
245 1 0 _aContabilidad para artesanos
260 _aBogotá:
_bArtesanías de Colombia,
_cs.f.
300 _a42. páginas
_c27 x 20 cm
650 1 4 _aContabilidad
_vArtesanos
650 1 4 _aMercadeo
650 1 4 _aProceso productivos
650 1 4 _aContabilidad
_vBásica
942 _2ddc
_cLIBRO
999 _c19818
_d19818